000 00672nam a2200217 4500
003 OSt
005 20250616034135.0
006 a
008 240625b |||||||| |||| 00| 0 eng d
020 _a9789712356834
040 _aDWCL-Main lib.
_cOC
082 _2First edition
_aFil. 658.15 An534f 2010
100 _aAliling, Leonardo E.
245 _aFundamentals of financial management (with industry-based perspective) /
250 _aFirst edition
260 _aManila :
_bRex Book Store,Inc.,
_cc2010.
300 _axviii,
_b210 p. :
_c25 cm.
504 _aIndex: pp. 202-210
650 _a1. Financial management.
942 _2ddc
_n0
_cBK - FIL
_eFirst edition
_kFil.
999 _c1336
_d1336